Movies Quiz

Random Movies or Clip Quiz

Actor by Clip Quiz Stats

 Plays Quiz Updated Feb 17, 2019

Score 0/58 Timer 10:00
1 Play Today
Clip # Actor/Actress % Correct
Clip 20Tom Hanks
91.1%
Clip 7Morgan Freeman
84.9%
Clip 6Brad Pitt
80.4%
Clip 30*Michael J. Fox
78.1%
Clip 2Clint Eastwood
77.7%
Clip 32Eddie Murphy
76.7%
Clip 11Leonardo DiCaprio
73.5%
Clip 9Judy Garland
73.1%
Clip 4Daniel Radcliffe
72.7%
Clip 10Anthony Hopkins
67.8%
Clip 1Will Smith
66.3%
Clip 31Heath Ledger
65.8%
Clip 37Mel Gibson
65.5%
Clip 18Robin Williams
65.1%
Clip 23Julia Roberts
64%
Clip 43Tom Cruise
63.6%
Clip 17Arnold Schwarzenegger
63.6%
Clip 53Mike Myers
61.2%
Clip 16Bill Murray
60%
Clip 55Will Ferrell
59.3%
Clip 25Jim Carrey
56.6%
Clip 22Steve Martin
53.1%
Clip 34Jack Black
52.6%
Clip 46Nicolas Cage
51.6%
Clip 26Harrison Ford
49.8%
Clip 47Russell Crowe
48.2%
Clip 54Steve Carell
47.3%
Clip 48Sean Connery
45.8%
Clip 35Natalie Portman
43.2%
Clip # Actor/Actress % Correct
Clip 50Sylvester Stallone
42.4%
Clip 15Al Pacino
41.6%
Clip 3Adam Sandler
41.5%
Clip 24Dustin Hoffman
40.7%
Clip 14Julie Andrews
40.6%
Clip 30*Christopher Lloyd
39.8%
Clip 19Ben Stiller
35.2%
Clip 51Jesse Eisenberg
35.1%
Clip 13Chevy Chase
34.5%
Clip 5Robert Downey Jr.
32.7%
Clip 56Johnny Depp
32.6%
Clip 27Denzel Washington
31.4%
Clip 8Shia LaBeouf
31.4%
Clip 36Robert De Niro
31.3%
Clip 40Simon Pegg
31.1%
Clip 12Marlon Brando
29.7%
Clip 49Tim Allen
29.6%
Clip 41Meryl Streep
28.6%
Clip 45Sandra Bullock
26.4%
Clip 38Jack Nicholson
26%
Clip 42James Stewart
24.9%
Clip 44Samuel Jackson
23.9%
Clip 21John Travolta
23.1%
Clip 33Gene Hackman
21%
Clip 52Reese Witherspoon
18.4%
Clip 28Kevin Bacon
10.9%
Clip 39Whoopi Goldberg
10.8%
Clip 29Angelina Jolie
10.5%
Clip 57Naomi Watts
2.5%

You're not logged in!

Compare scores with friends on all Sporcle quizzes.
OR
Log In

Show Comments

Extras

Top Quizzes Today


Score Distribution

Your Account Isn't Verified!

In order to create a playlist on Sporcle, you need to verify the email address you used during registration. Go to your Sporcle Settings to finish the process.

Report this User

Report this user for behavior that violates our Community Guidelines.

Details: